Olivia and the sea lions / (Record no. 7098)
[ view plain ]
| 000 -LEADER | |
|---|---|
| fixed length control field | 01624nam a22003137a 4500 |
| 001 - CONTROL NUMBER | |
| control field | 7098 |
| 003 - CONTROL NUMBER IDENTIFIER | |
| control field | FISKH |
| 005 - DATE AND TIME OF LATEST TRANSACTION | |
| control field | 20250815124644.0 |
| 008 - FIXED-LENGTH DATA ELEMENTS--GENERAL INFORMATION | |
| fixed length control field | 250623b cb ||||| |||| 00| 0 eng d |
| 020 ## - INTERNATIONAL STANDARD BOOK NUMBER | |
| International Standard Book Number | 9781442473645 |
| 040 ## - CATALOGING SOURCE | |
| Original cataloging agency | FISKH |
| Language of cataloging | eng |
| Transcribing agency | FISKH |
| Modifying agency | FISKH |
| 050 ## - LIBRARY OF CONGRESS CALL NUMBER | |
| Classification number | PZ7 |
| 082 ## - DEWEY DECIMAL CLASSIFICATION NUMBER | |
| Classification number | 161 |
| 100 ## - MAIN ENTRY--PERSONAL NAME | |
| Personal name | McDoogle, Farrah |
| 245 ## - TITLE STATEMENT | |
| Title | Olivia and the sea lions / |
| Statement of responsibility, etc. | adapted by Farrah McDoogle : based on the screenplay " Olivia visits the aquarium " written by Eryk Casemiro and Kate Boutilier |
| 250 ## - EDITION STATEMENT | |
| Edition statement | First Edition |
| 260 ## - PUBLICATION, DISTRIBUTION, ETC. | |
| Place of publication, distribution, etc. | New York : |
| Name of publisher, distributor, etc. | Simon Spotlight , |
| Date of publication, distribution, etc. | 2013. |
| 300 ## - PHYSICAL DESCRIPTION | |
| Extent | 16 unnumbered pages : |
| Other physical details | color illustrations ; |
| Dimensions | 21 x 21 cm . |
| 490 ## - SERIES STATEMENT | |
| Series statement | Olivia |
| 505 ## - FORMATTED CONTENTS NOTE | |
| Formatted contents note | K <br/> |
| 520 ## - SUMMARY, ETC. | |
| Summary, etc. | Olivia can't wait to meet the sea lions at the aquarium--but waiting is exactly what she'll have to do in this 8x8 storybook with stickers! Olivia's class is going on a field trip to the aquarium, and she can't wait to visit all of the animals--especially the sea lions! But Mrs. Hoggenmuller pairs her up with Francine, who insists that they look at the sea creatures in order from smallest to largest...which means the sea lions are last. Can Olivia be patient enough to earn an extra special surprise with her favorite animal? This charming 8x8 storybook comes with twenty-five splashy stickers featuring favorite characters and underwater creatures. |
| 521 8# - TARGET AUDIENCE NOTE | |
| Target audience note | 510 <br/> |
| Source | Lexile estimate <br/> |
| 521 8# - TARGET AUDIENCE NOTE | |
| Target audience note | K <br/> |
| Source | Raz-Plus <br/> |
| 650 ## - SUBJECT ADDED ENTRY--TOPICAL TERM | |
| Topical term or geographic name entry element | Oliva |
| Form subdivision | Children's book |
| 650 ## - SUBJECT ADDED ENTRY--TOPICAL TERM | |
| Topical term or geographic name entry element | Animals |
| Form subdivision | Children's book |
| 700 ## - ADDED ENTRY--PERSONAL NAME | |
| Personal name | Spaziante, Patrick |
| Relator term | Illustrator |
| 942 ## - ADDED ENTRY ELEMENTS (KOHA) | |
| Source of classification or shelving scheme | Dewey Decimal Classification |
| Koha item type | Books |
| Suppress in OPAC | No |
| Withdrawn status | Lost status | Source of classification or shelving scheme | Damaged status | Not for loan | Collection | Home library | Current library | Shelving location | Date acquired | Total Checkouts | Full call number | Barcode | Date last seen | Price effective from | Koha item type | Copy number |
|---|---|---|---|---|---|---|---|---|---|---|---|---|---|---|---|---|
| Dewey Decimal Classification | Juvenile Fiction | Footprints International School Library Network Toul Tom Poung Campus | Footprints International School Library Network Toul Tom Poung Campus | TTP Primary Yellow Bookshelves | 06/23/2025 | MCD 161 | FIS02635 | 06/23/2025 | 06/23/2025 | Books | ||||||
| Dewey Decimal Classification | Juvenile Fiction | Footprints International School Library Network Toul Tom Poung Campus | Footprints International School Library Network Toul Tom Poung Campus | TTP Primary Yellow Bookshelves | 08/15/2025 | MCD 161 | FISTK00730 | 08/15/2025 | 08/15/2025 | Books | 2 |
